Guess the country by description (easy version) - Statistics

General Stats
  • This quiz has been taken 69 times
  • The average score is 13 of 15
Answer Stats
Question Answer % Correct
It’s known for croissants and baguettes France
98%
Pizza’s and spaghetti Italy
98%
There’s a lot of kangaroos, crocodiles and more there Australia
96%
Famous for taco’s and sombrero’s Mexico
96%
Vodka is famous here Russia
95%
Maple syrup is originally from there Canada
93%
An Asian country with lots of dominance (made in …) China
93%
McDonalds was invented in this country USA
89%
The country of spicy food and chicken masala India
88%
60% of the Amazon forest is here Brazil
86%
The only country worldwide that starts with an O Oman
75%
Islam started in… Saudi Arabia
68%
This country is well known for Nasi goreng and bami goreng Indonesia
64%
Tons of beautiful flora and fauna, mount kilimanjiro is located here Tanzania
63%
An Arabic country in Africa known for couscous Morocco
57%
No matching quizzes found
Score Distribution
Percent of People with Each Score
Percentile by Number Answered
Your Score History
You have not taken this quiz